000 00504cam a2200145 4500500
005 20260405004132.0
041 _afre
042 _adc
100 1 0 _aBrenders, Pauline
_eauthor
245 0 0 _aTrois régimes d’oppression
260 _c2025.
500 _a58
786 0 _nPhilosophie magazine - Hors séries | Hors-série 66 | HS66 | 2025-08-01 | p. 96-97 | 2104-9246
856 4 1 _uhttps://shs.cairn.info/magazine-philosophie-magazine-hors-series-2025-hs66-page-96?lang=fr&redirect-ssocas=7080
999 _c2074076
_d2074076